000 00783nam a2200253 a 4500
008
020 _a0750653353 (pbk.)
049 _aMAIN
090 _aHF5415.1265
_bSMI
100 1 _aSmith, P. R..
245 1 0 _aEmarketing excellence :
_bthe heart of ebusiness /
_cP.R. Smith and Dave Chaffey.
260 _aOxford :
_bButterworth-Heinemann,
_c2002.
300 _axiii, 340 p. :
_bill. ;
_c25 cm.
504 _aIncludes bibliographical references.
500 _aIncludes index.
650 0 _aInternet marketing.
700 1 _aChaffey, Dave.
710 2 _aChartered Institute of Marketing.
907 _a.b10127999
_b19-03-12
_c18-06-04
003
005 20230123133743.0
040 _cNUST
942 _cBOOKS
_kHF5415.1265
_mSMI
999 _c154037
_d154037